Statistiche per In quale squadra ha giocato? - Quiz n°1

Clicka qui per fare il quiz!

Statistiche generali

  • Questo quiz è stato fatto 7 volte
  • Il punteggio medio è 3 su 6

Statistiche sulle risposte

DomandaRisposta% Corretto
Miguel VelosoHellas Verona
75%
Kevin Prince BoatengSassuolo
75%
Frenkie de JongAjax
50%
Mattia De SciglioOlympique Lione
50%
John StonesEverton
25%
Loris KariusUnion Berlino
0%

Distribuzione punteggi

Percentile per numero di risposta

Percentuale di utenti per punteggio

I tuoi punteggi nel tempo

Non hai fatto questo quiz